| 000 | 00472nam a2200193Ia 4500 | ||
|---|---|---|---|
| 005 | 20250423094512.0 | ||
| 008 | 250422s9999 xx 000 0 und d | ||
| 020 | _a9781292024202 | ||
| 050 | _aQ 335 .R86/ | ||
| 100 | _aRussell, Stuart J. | ||
| 245 | 0 | _aArtificial Intelligence : a modern approach | |
| 250 | _a3rd ed. | ||
| 260 | _aUnited States | ||
| 260 | _bPearson | ||
| 260 | _c2014 | ||
| 300 | _a1091 p | ||
| 650 | _aArtificial intelligence. | ||
| 942 | _cBK | ||
| 999 |
_c27427 _d27427 |
||